| 000 | 00406 a2200157 4500 | ||
|---|---|---|---|
| 999 |
_c4173 _d4173 |
||
| 020 | _a9781403994837 | ||
| 050 | _aPE1106THO1997 | ||
| 100 | _aThorne,Sara | ||
| 245 |
_aMastering advanced english language / _cSara Thorne |
||
| 250 | _a2nd ed. | ||
| 264 |
_aNew York _bPalgrave _c1997 |
||
| 300 | _a634p. | ||
| 500 | _ainclude index | ||
| 650 | _aEnglish Language | ||
| 942 |
_2lcc _cBK _e2nd ed. _h1106 _iTHO _kPE |
||